[Event "ISR-chT (Women)"]
[Site "Netanya"]
[Date "2025.05.30"]
[Round "4.8"]
[White "Ingel, Mica Bar"]
[Black "Simchayev, Alexandra"]
[Result "1/2-1/2"]
[WhiteElo "1893"]
[BlackElo "1819"]
[PlyCount "98"]
[EventDate "2025.05.29"]
[EventType "team-swiss"]
[EventRounds "6"]
[EventCountry "ISR"]
[SourceTitle "CB23_2025"]
[SourceDate "2025.06.04"]
[SourceVersion "1"]
[SourceVersionDate "2025.06.04"]
[SourceQuality "1"]
[WhiteTeam "Rishon Le Zion (W) II"]
[BlackTeam "Beer Sheva (W)"]
[WhiteTeamCountry "ISR"]
[BlackTeamCountry "ISR"]

1. e4 e6 2. d4 d5 3. Nc3 Bb4 4. e5 b6 5. Bd2 Qd7 6. Bb5 c6 7. Bd3 Ba6 8. Bxa6 Nxa6 9. a3 Bf8 10. Nf3 Ne7 11. Ne2 0-0-0 12. 0-0 Ng6 13. Rc1 Kb7 14. b4 f6 15. Nf4 Nxf4 16. Bxf4 g5 17. Bg3 g4 18. Nd2 f5 19. Bh4 Be7 20. Bxe7 Qxe7 21. c4 Nc7 22. Qc2 Qd7 23. Rfd1 h5 24. a4 Rc8 25. a5 h4 26. Qa2 f4 27. Ra1 Ra8 28. Rdc1 h3 29. g3 fxg3 30. fxg3 Rhf8 31. Rf1 Rxf1+ 32. Rxf1 Qe7 33. c5 bxc5 34. bxc5 Rf8 35. Rb1+ Nb5 36. Qc2 Rf5 37. Qd3 a6 38. Qe2 Qg5 39. Qd3 Kc7 40. Rf1 Kd7 41. Rf2 Qh5 42. Rxf5 Qxf5 43. Qxf5 exf5 44. Nb3 Na3 45. Kf2 Nc4 46. Ke2 Ke6 47. Kf2 Kd7 48. Ke2 Ke6 49. Kf2 Kd7 1/2-1/2

[Event "Rishon Le Ziyyon-ch U18"]
[Site "Rishon Le Ziyyon"]
[Date "2023.04.04"]
[Round "9"]
[White "Bazavluk, Vari"]
[Black "Simchayev, Alexandra"]
[Result "0-1"]
[WhiteElo "1024"]
[BlackElo "1661"]
[PlyCount "78"]
[EventDate "2023.03.28"]
[EventType "swiss"]
[EventRounds "9"]
[EventCountry "ISR"]
[SourceTitle "CBM 213 Extra"]
[Source "ChessBase"]
[SourceDate "2023.05.31"]
[SourceVersion "1"]
[SourceVersionDate "2023.05.31"]
[SourceQuality "1"]

1. e4 e6 2. d4 d5 3. exd5 exd5 4. Nf3 Bd6 5. Bd3 Nc6 6. Be3 Nge7 7. c4 Bb4+ 8. Nc3 Bf5 9. 0-0 Bxd3 10. Qxd3 Bxc3 11. bxc3 dxc4 12. Qxc4 Qd5 13. Qd3 Na5 14. Rfe1 0-0 15. Bf4 Qd7 16. Rab1 a6 17. Ne5 Qf5 18. Qg3 Nd5 19. Bh6 Qf6 20. Nd7 Qxh6 21. Nxf8 Kxf8 22. Re5 c6 23. Rbe1 Nc4 24. R5e2 Qg6 25. Qf3 Rd8 26. h3 b5 27. Rc1 Qf6 28. Qg4 Qf4 29. g3 Qxc1+ 30. Kg2 Qh6 31. Qf3 Qf6 32. Qd3 Re8 33. Rxe8+ Kxe8 34. Qe2+ Qe6 35. Qd3 Nf6 36. Qc2 Qe4+ 37. Qxe4+ Nxe4 38. Kf3 Nxc3 39. Kf4 Nxa2 0-1

[Event "Rishon Le Ziyyon-ch U18"]
[Site "Rishon Le Ziyyon"]
[Date "2023.04.03"]
[Round "8"]
[White "Simchayev, Alexandra"]
[Black "Zusman, Tal"]
[Result "1-0"]
[WhiteElo "1661"]
[BlackElo "1537"]
[PlyCount "38"]
[EventDate "2023.03.28"]
[EventType "swiss"]
[EventRounds "9"]
[EventCountry "ISR"]
[SourceTitle "CBM 213 Extra"]
[Source "ChessBase"]
[SourceDate "2023.05.31"]
[SourceVersion "1"]
[SourceVersionDate "2023.05.31"]
[SourceQuality "1"]

1. e4 d6 2. d4 Nf6 3. Nc3 c6 4. Nf3 Qa5 5. Bd2 e5 6. Nd5 Qd8 7. Nxf6+ Qxf6 8. dxe5 dxe5 9. Bc4 Bg4 10. Qe2 Nd7 11. 0-0-0 Be7 12. Kb1 0-0 13. h3 Bxf3 14. gxf3 Rfd8 15. h4 h6 16. Bg5 hxg5 17. hxg5 Qg6 18. f4 Nb6 19. Bd3 Kf8 1-0

[Event "Rishon Le Ziyyon-ch U18"]
[Site "Rishon Le Ziyyon"]
[Date "2023.03.30"]
[Round "4"]
[White "Gadasi, Noam"]
[Black "Simchayev, Alexandra"]
[Result "1-0"]
[WhiteElo "1773"]
[BlackElo "1661"]
[PlyCount "107"]
[EventDate "2023.03.28"]
[EventType "swiss"]
[EventRounds "9"]
[EventCountry "ISR"]
[SourceTitle "CBM 213 Extra"]
[Source "ChessBase"]
[SourceDate "2023.05.31"]
[SourceVersion "1"]
[SourceVersionDate "2023.05.31"]
[SourceQuality "1"]

1. e4 e6 2. d4 d5 3. Nc3 Bb4 4. e5 c5 5. Bd2 Ne7 6. Nb5 Bxd2+ 7. Qxd2 0-0 8. dxc5 Nd7 9. f4 Nxc5 10. Bd3 Qb6 11. 0-0-0 Nxd3+ 12. Qxd3 Nf5 13. Nd4 Nxd4 14. Qxd4 Qxd4 15. Rxd4 Bd7 16. Nf3 Rac8 17. c3 Rc7 18. Rhd1 Rfc8 19. g4 Bb5 20. Kd2 Bc4 21. a3 Rc6 22. Ke3 Rb6 23. R4d2 f6 24. Rf2 h6 25. h4 Rf8 26. exf6 gxf6 27. g5 hxg5 28. hxg5 e5 29. f5 fxg5 30. Nxe5 Rbf6 31. Nxc4 dxc4 32. Rd5 Kg7 33. Ke4 a6 34. Rg2 Re8+ 35. Re5 Rd8 36. Rxg5+ Kf7 37. Rc5 b5 38. Rc7+ Kf8 39. Rh5 Re8+ 40. Kf4 Kg8 41. Rch7 Ref8 42. Rh8+ Kf7 43. R5h7+ Ke8 44. Rxf8+ Kxf8 45. Ke5 Rc6 46. f6 Rc5+ 47. Ke6 Rc6+ 48. Kf5 Rd6 49. Kg6 Kg8 50. Ra7 Rd8 51. Rxa6 Rb8 52. Ra7 Kh8 53. Rh7+ Kg8 54. f7+ 1-0

[Event "Rishon Le Ziyyon-ch U18"]
[Site "Rishon Le Ziyyon"]
[Date "2023.03.29"]
[Round "2"]
[White "Simchayev, Alexandra"]
[Black "Fadida, Rachel"]
[Result "0-1"]
[WhiteElo "1661"]
[BlackElo "1302"]
[PlyCount "92"]
[EventDate "2023.03.28"]
[EventType "swiss"]
[EventRounds "9"]
[EventCountry "ISR"]
[SourceTitle "CBM 213 Extra"]
[Source "ChessBase"]
[SourceDate "2023.05.31"]
[SourceVersion "1"]
[SourceVersionDate "2023.05.31"]
[SourceQuality "1"]

1. e4 g6 2. d4 Bg7 3. Nc3 d6 4. Be3 Nf6 5. f3 c6 6. Qd2 b5 7. g4 h5 8. g5 Nfd7 9. f4 Qa5 10. Nf3 b4 11. Nd1 Ba6 12. Nf2 Nb6 13. b3 Bxf1 14. Kxf1 c5 15. a3 Nc6 16. Kg2 Qb5 17. a4 Qa5 18. Rad1 c4 19. d5 c3 20. Qe2 Nd8 21. Bd4 0-0 22. Bxg7 Kxg7 23. Nd4 Nd7 24. Rhf1 a6 25. Nd3 Qb6 26. Ne1 e5 27. dxe6 Nxe6 28. Nxe6+ fxe6 29. Qd3 Qb7 30. Qd4+ Kh7 31. Nd3 a5 32. Kg3 Rad8 33. f5 exf5 34. exf5 gxf5 35. Nf4 Nc5 36. Nxh5 Ne4+ 37. Kh4 f4 38. Rde1 d5 39. Nf6+ Kg6 40. Rxf4 Rh8+ 41. Kg4 Qc8+ 42. Kf3 Qh3+ 43. Ke2 Qxh2+ 44. Kd1 Qxf4 45. Rg1 Nf2+ 46. Ke1 Qxd4 0-1

[Event "ISR-ch U08/18"]
[Site "Savyon"]
[Date "2022.04.10"]
[Round "4"]
[White "Simchayev, Alexandra"]
[Black "Shaul Zeidner, Lyad"]
[Result "1/2-1/2"]
[WhiteElo "1525"]
[BlackElo "1848"]
[PlyCount "45"]
[EventDate "2022.04.06"]
[EventType "swiss"]
[EventRounds "9"]
[EventCountry "ISR"]
[SourceTitle "EXT 2023"]
[Source "ChessBase"]
[SourceDate "2022.10.05"]
[SourceVersion "1"]
[SourceVersionDate "2022.10.05"]
[SourceQuality "1"]

1. e4 c5 2. Nf3 e6 3. c3 d5 4. exd5 exd5 5. d4 Nc6 6. Be2 Bd6 7. 0-0 Nge7 8. dxc5 Bxc5 9. Nbd2 0-0 10. Nb3 Bd6 11. Bg5 Qc7 12. Rc1 Bf4 13. Bxf4 Qxf4 14. Qd2 Qxd2 15. Nbxd2 Bf5 16. Nb3 Rfe8 17. Rfd1 Rad8 18. Kf1 Ng6 19. Nfd4 Be6 20. Rc2 Nxd4 21. Nxd4 Ne5 22. Rcd2 Rc8 23. Bf3 1/2-1/2

[Event "ISR-ch U08/18"]
[Site "Savyon"]
[Date "2022.04.08"]
[Round "2"]
[White "Qasem, Huda"]
[Black "Simchayev, Alexandra"]
[Result "0-1"]
[WhiteElo "1746"]
[BlackElo "1525"]
[PlyCount "94"]
[EventDate "2022.04.06"]
[EventType "swiss"]
[EventRounds "9"]
[EventCountry "ISR"]
[SourceTitle "EXT 2023"]
[Source "ChessBase"]
[SourceDate "2022.10.05"]
[SourceVersion "1"]
[SourceVersionDate "2022.10.05"]
[SourceQuality "1"]

1. e4 e6 2. d4 d5 3. Nd2 Nf6 4. e5 Nfd7 5. Bd3 c5 6. c3 Nc6 7. Ne2 cxd4 8. cxd4 f6 9. exf6 Nxf6 10. Nf3 Bd6 11. 0-0 Qc7 12. Bg5 0-0 13. Bh4 Nh5 14. Bg3 Nxg3 15. fxg3 Bd7 16. Rc1 Qb6 17. Qc2 h6 18. Kh1 Rae8 19. Bg6 Rc8 20. Nh4 Ne7 21. Bh7+ Kh8 22. Rxf8+ Rxf8 23. Ng6+ Nxg6 24. Bxg6 e5 25. dxe5 Bxe5 26. Nf4 Bc6 27. Nd3 Bd6 28. Qd1 Qd4 29. Qe2 Qf6 30. Bh5 Bb5 31. Bf3 Qf5 32. Rd1 Re8 33. Bg4 Qg5 34. Qf3 Bxd3 35. Bd7 Re7 36. Qxd3 Rxd7 37. Qb5 Qf5 38. Rf1 Qe6 39. Qd3 Bc5 40. a3 Rd8 41. b4 Bb6 42. a4 Qe4 43. Qc3 Qe2 44. Qc1 Qc4 45. Qb1 Bc7 46. Rc1 Qe4 47. Qb2 Re8 0-1

[Event "ISR-chT (Women)"]
[Site "Tel Aviv"]
[Date "2021.10.30"]
[Round "5.8"]
[White "Golovchanskaya, Alina"]
[Black "Simchayev, Alexandra"]
[Result "1-0"]
[WhiteElo "1734"]
[BlackElo "1527"]
[PlyCount "47"]
[EventDate "2021.10.28"]
[EventType "team-swiss"]
[EventRounds "5"]
[EventCountry "ISR"]
[SourceTitle "CBM 204 Extra"]
[Source "ChessBase"]
[SourceDate "2021.11.30"]
[SourceVersion "1"]
[SourceVersionDate "2021.11.30"]
[SourceQuality "1"]
[WhiteTeam "Haifa Nesher (W)"]
[BlackTeam "Beer Sheva (W)"]
[WhiteTeamCountry "ISR"]
[BlackTeamCountry "ISR"]

1. Nf3 e6 2. d4 Nf6 3. c4 b6 4. Bg5 h6 5. Bh4 Bb7 6. Nbd2 g5 7. Bg3 Ne4 8. Nxe4 Bxe4 9. Nd2 Bb7 10. Qc2 f5 11. Be5 Rg8 12. d5 d6 13. Bc3 Qe7 14. 0-0-0 f4 15. Ne4 e5 16. g3 Nd7 17. Qa4 a6 18. gxf4 exf4 19. Nf6+ Kd8 20. Nxg8 Qf7 21. Bh3 Nc5 22. Qc2 Qxg8 23. b4 g4 24. Rhg1 1-0